000 00435nam a2200169Ia 4500
008 230917s9999||||xx |||||||||||||| ||und||
020 _cRS115
040 _e32491
_aMAIN
041 _aEnglish
082 _a350.1 S19P
100 _aSahib Singh
245 0 _aPublic personnel and financial administration
250 _a4th ed.
260 _aJalandhar
_bNew Academic Publsihing Co
_c1996
300 _avarious pages p.
942 _cBK
999 _c96118
_d96118